| 000 | 00000nam##2200000za#4500 |
| 001 | 9.566353 |
| 003 | CaOODSP |
| 005 | 20210624180241 |
| 007 | cr ||||||||||| |
| 008 | 150406|2004||||xxc|||||o f|0| 0 eng|d |
| 040 | |aCaOODSP|beng |
| 043 | |an-cn--- |
| 086 | 1 |aTU3-5/04-25E-PDF |
| 110 | 2 |aTransportation Safety Board of Canada. |
| 245 | 10|aWing scrape during a rejected landing - Cargojet Airways Limited Boeing 727-225 C-GCJB, Greater Moncton International Airport, Moncton, New Brunswick, 28 May 2004 |h[electronic resource] |
| 260 | |aGatineau - Quebec : |bTransportation Safety Board of Canada |c[2005]. |
| 300 | |a8p.|billus. |
| 490 | 1 |aAviation investigation report |vA04A0057 |
| 590 | |a10-05-Supp|b2010-07-20 |
| 690 | 07|aAircraft accidents|2gcpds |
| 775 | 08|tRaclage d'une aile au cours d'un atterrissage interrompu du Boeing 727-225 C-GCJB exploité par Cargojet Airways Limited à l'aéroport international du Grand Moncton (Nouveau-Brunswick), le 28 mai 2004 |w(CaOODSP)9.597866 |
| 830 | #0|aAviation investigation report ;|vA04A0057|w(CaOODSP)9.504825 |
| 856 | 40|ahttp://publications.gc.ca|qPDF|s211 KB|uhttps://publications.gc.ca/collections/collection_2009/bst-tsb/TU3-5-04-25E.pdf|yA04A0057 |